Library of the University of Algiers 3
Ibrahim Sultan Cheibout
شعار جامعة الجزائر 3
مكتبة جامعة الجزائر 3
إبراهيم سلطان شيبوط

التحكيم التجاري الدولي : (رقم التسجيلة. 46354)

تفاصيل مارك
000 -LEADER
fixed length control field 01237nam a2200217Ia 4500
003 - CONTROL NUMBER IDENTIFIER
control field Ost
005 - DATE AND TIME OF LATEST TRANSACTION
control field 20260507075804.0
008 - FIXED-LENGTH DATA ELEMENTS--GENERAL INFORMATION
fixed length control field 260507s9999||||xx |||||||||||||| ||und||
040 ## - CATALOGING SOURCE
Transcribing agency fsecg
041 ## - LANGUAGE CODE
Language code of text/sound track or separate title ara
082 ## - DEWEY DECIMAL CLASSIFICATION NUMBER
Classification number 341.52
100 ## - MAIN ENTRY--PERSONAL NAME
Personal name شفيق، محسن
Relator term مؤلف
245 #0 - TITLE STATEMENT
Title التحكيم التجاري الدولي :
Remainder of title دراسة في قانون التجارة الدولية /
Statement of responsibility, etc. محسن شفيق
260 ## - PUBLICATION, DISTRIBUTION, ETC.
Place of publication, distribution, etc. الجيزة :
Name of publisher, distributor, etc. دار النهضة العربية,
300 ## - PHYSICAL DESCRIPTION
Extent 442 صفحة؛
Other physical details إيضاحات ؛
Dimensions 24 سم
520 ## - SUMMARY, ETC.
Summary, etc. يضم ماهية التحكيم وضابط الدولية، أهمية التحكيم في مجال التجارة الدولية، التحكيم التجاري وسيادة الدولة، التحكيم التجاري في التشريعات الوطنية، المنظمات الدولية المعنية بالتحكيم التجاري، تحديد قواعد التحكيم التجاري الدولي، إتفاق التحكيم، إجراءات التحكيم، في أعقاب صدور قرار التحكيم.
653 ## - INDEX TERM--UNCONTROLLED
Uncontrolled term التجارة الخارجية
653 ## - INDEX TERM--UNCONTROLLED
Uncontrolled term التحكيم التجاري
653 ## - INDEX TERM--UNCONTROLLED
Uncontrolled term التحكيم الدولي
942 ## - ADDED ENTRY ELEMENTS (KOHA)
Koha item type كتب
المقتنيات
Withdrawn status Lost status Source of classification or shelving scheme Damaged status Not for loan Home library Current library Date acquired Serial enumeration / chronology Inventory number Total checkouts Full call number Barcode Date last seen Price effective from Koha item type
    Library of Congress Classification   NOT LOAN / إعارة داخلية مكتبة كلية العلوم الإقتصادية والعلوم التجارية وعلوم التسيير مكتبة كلية العلوم الإقتصادية والعلوم التجارية وعلوم التسيير 07/05/2026 الطابق الأرضي 025.21/624   557/025.21ن01 025.21/624 07/05/2026 07/05/2026 كتب

موارد الويب المفتوحة


© University of Algiers 3 All Rights Reserved
|
Implemented by LECHELAH Riad